Schooling and memory / (Record no. 126475)
[ view plain ]
| 000 -LEADER | |
|---|---|
| fixed length control field | 00714nam a22002417a 4500 |
| 005 - DATE AND TIME OF LATEST TRANSACTION | |
| control field | 20170124110010.0 |
| 010 ## - LIBRARY OF CONGRESS CONTROL NUMBER | |
| LC control number | B-209654 |
| 020 ## - INTERNATIONAL STANDARD BOOK NUMBER | |
| Terms of availability | 150.00 |
| International Standard Book Number | 818531635 |
| 035 ## - SYSTEM CONTROL NUMBER | |
| System control number | B-209654 |
| 037 ## - SOURCE OF ACQUISITION | |
| Source of stock number/acquisition | Cen Lib/Ret |
| 040 ## - CATALOGING SOURCE | |
| Original cataloging agency | DPL |
| Language of cataloging | EN |
| 082 ## - DEWEY DECIMAL CLASSIFICATION NUMBER | |
| Classification number | 370.1522 |
| Item number | PAD |
| 100 ## - MAIN ENTRY--PERSONAL NAME | |
| Personal name | Padhee, B.N. |
| 9 (RLIN) | 17622 |
| 245 ## - TITLE STATEMENT | |
| Title | Schooling and memory / |
| Statement of responsibility, etc | by B.N. Padhee |
| 260 ## - PUBLICATION, DISTRIBUTION, ETC. (IMPRINT) | |
| Name of publisher, distributor, etc | NCERT |
| Place of publication, distribution, etc | New Delhi |
| Date of publication, distribution, etc | 1993 |
| 270 ## - ADDRESS | |
| City | New Delhi |
| Postal code | 110016 |
| 300 ## - PHYSICAL DESCRIPTION | |
| Extent | xiv, 154p. |
| Dimensions | 21cm(pbk) |
| 490 ## - SERIES STATEMENT | |
| Series statement | Bhargava research monographic series |
| 500 ## - GENERAL NOTE | |
| General note | Includes bibliographical references and index |
| 650 ## - SUBJECT ADDED ENTRY--TOPICAL TERM | |
| Topical term or geographic name as entry element | Education |
| 9 (RLIN) | 1169 |
| 650 ## - SUBJECT ADDED ENTRY--TOPICAL TERM | |
| Topical term or geographic name as entry element | Schooling -- education |
| 9 (RLIN) | 72657 |
| 942 ## - ADDED ENTRY ELEMENTS (KOHA) | |
| Source of classification or shelving scheme | Dewey Decimal Classification |
| Koha item type | English Books |
| Classification part | 370.1522 |
| Call number suffix | PAD |
| Withdrawn status | Lost status | Damaged status | Not for loan | Home library | Current library | Date acquired | Source of acquisition | Cost, normal purchase price | Total Checkouts | Full call number | Barcode | Date last seen | Copy number | Cost, replacement price | Price effective from | Koha item type |
|---|---|---|---|---|---|---|---|---|---|---|---|---|---|---|---|---|
| Central Library | Central Library | 25/06/2015 | Cen Lib/Ret | 150.00 | 370.1522 PAD | B-209654 | 25/06/2015 | 1 | 150.00 | 25/06/2015 | English Books |
